000 00573nam a2200169 4500
999 _c3782
_d3782
008 160809b xxu||||| |||| 00| 0 eng d
022 _a00014826
082 _aDPer 657.05 Ac27 Sept 2015 v. 90, n. 5
100 _912594
_aSridharan, Suhas A.
243 _a
245 _aVolatility Forecasting Using Financial Statement Information/
_cSuhas A. Sridharan.
260 _aSarasota, Florida:
_bAmerican Accounting Association,
_c©2015.
300 _av90 n5, pages 2079-2106;
_c26 cm.
500 _aThe Accounting Review.
650 0 _919415
_aFinance
942 _2ddc
_cPER